Представление документа в формате MARC21

Поле Инд. ПП Название Значение
Тип записи a
Библиографический уровень m
001 Контрольный номер RU/LIBMSTU/282409660
005 Дата корректировки 20160421124841.5
008 Кодируемые данные 081215|||||||||ru |||||||||||000|||rus||
020 a ISBN 978-5-392-00089-0
c Цена, тираж 266-00
020 a ISBN 978-5-392-00927-5
c Цена, тираж 205-00
040 b Код языка каталог. rus
041 0_ a Код языка текста rus
084 a Индекс другой классификации/Индекс ББК 67.1+66.1
090 a Полочн. индекс 67.1
x Авторский знак М 30
100 1_ a Автор Марченко М. Н.
245 10 a Заглавие История политических и правовых учений
b Продолж. заглавия учеб. пособие [для вузов]
c Ответственность Моск. гос. ун-т им. М. В. Ломоносова, Юрид. фак.
260 a Место издания Москва
b Издательство Проспект
c Дата издания 2010
c Дата издания 2009
300 a Объем 467, [1] с.
600 14 a Персоналии Платон, древнегреческий философ
600 34 a Персоналии Аристотель, древнегреческий философ
600 34 a Персоналии Кампанелла Т., итальянский философ
600 34 a Персоналии Макиавелли Н., итальянский философ
600 34 a Персоналии Гоббс Т., философ
600 34 a Персоналии Кант И., философ
600 34 a Персоналии Остин Дж., писательница
600 34 a Персоналии Ильин И. А., российский философ
650 04 a Основная рубрика Политические и правовые учения-История-Учебные издания для высших учебных заведений
653 0_ a Ключевые слова Политические учения
653 1_ a Ключевые слова Правовые учения
653 1_ a Ключевые слова История политических учений
653 1_ a Ключевые слова История правовых учений
653 1_ a Ключевые слова Софисты
653 1_ a Ключевые слова Юридический позитивизм
653 1_ a Ключевые слова Анархизм
700 12 a Другие авторы Мачин И. Ф.
901 t Тип документа m
952 c Вид литературы учебное пособие